| 000 | 01321cab a2200241 4500 | ||
|---|---|---|---|
| 001 | ABS48924 | ||
| 008 | 090401t1993 xxu||||| |||| 00| 0 eng d | ||
| 035 | _a(Sirsi) u69149 | ||
| 041 | _aeng | ||
| 245 | _aTern Construction Group Ltd (in administrative receivership) v RBS Garages Ltd | ||
| 260 | _c1993 | ||
| 350 | _a0 | ||
| 490 |
_aConstruction Industry Law Letter _v(1993) CILL 844-846(3) |
||
| 520 | _aORC 14 October 1992. T entered a JCT 80 contract to build a car sales centre for R and were paid for work completed under the interim certificate. T was not paid for the next stage before it went into receivership, although the second certificate had been issued a week previously. Not all the work had been finished satisfactorily and some materials supplied by T had been paid for. R, the defendant, did not pay for any of the additional work or make arrangements to complete the project, and claimed they were suffering loss. T sued successfully for the outstanding money covered by the second certificate, as well as for the materials. | ||
| 650 | _aBUILT ENVIRONMENT-BUILDING CONTRACT FORMS | ||
| 650 | _aCLAIMS | ||
| 650 | _aDETERMINATION | ||
| 650 | _aINTERIM CERTIFICATES | ||
| 650 | _aJCT 1980 CL27.4.4 | ||
| 690 | _aBUILDING AND CONSTRUCTION-CASE LAW | ||
| 942 | _n0 | ||
| 948 | _c04/03/1997 | ||
| 999 |
_c43436 _d43436 |
||